00792 2200265 4500001002100000005001500021035002000036007000300056008004100059020002200100082001200122084001800134100002900152245006700181250001000248260003900258300002200297650002400319650002000343520002900363520002900392520003600421520006000457990000900517INLIS00000000000057420171009085139 a0010-1017000128ta171009 f 0 ind  a978-602-7637-31-3 a297.217 a297.217 ABD r0 aAbdussalam, Syaikh Wahid1 aRuqyah :bJin, Sihir dan Terapannya /cSyaikh Wahid Abdussalam aCet.5 aJakarta Timur :bUmmul Qura,c2016 a709hlm ;c17x24cm aIslam dan Kesehatan aJin Sihir Islam aMengenal seluk beluk Jin aTanda-tanda gangguan Jin aPetunjuk Syar'i untuk menangkal aKisah dan Pengalaman Berdialog dengan Jin Ketika Ruqyah a5816